000 01026nam a2200325 a 4500
001 000111311
003 CHAP
005 20220329144206.0
008 150130s2013 mx a |r| ||||||spa d
010 _a107773
011 _a108745
020 _a97886077075332
040 _cCHAP
082 _a541.3
_bR42
100 1 _aRequena Rodríguez, Alberto
_9129173
245 1 0 _aQuímica física :
_bproblemas de termodinámica, cinética y electroquímica /
_cpor Alberto Requena, Adolfo Bastida.
260 _aMéxico, D.F. :
_bAlfaomega Grupo Editor,
_cc2013.
300 _a475 p.
590 _aE5995AHE
_b05
_c20150130
_lUCH01
_h1329
590 _aE5995AHE
_b05
_c20150130
_lUCH01
_h1333
650 1 4 _aEquilibrio químico.
_937258
650 1 4 _aFísica
_xProblemas, ejercicios, etc.
_941991
650 1 4 _aFisicoquímica.
_941125
650 1 4 _aGases
_xTeoría cinética de los.
_947219
650 1 4 _aTermodinámica.
_9112366
700 1 _aBastida Pascual, Adolfo
_9129174
901 _aBK
942 _cLIBRO
942 _n0
999 _c107773
_d107773